000
00197 a2200085 4500
245
_a
The nigger of the Narcissus Typhoon
_h
Text
100
_a
Joseph Conrad
650
_a
literature
005
20191017173413.0
084
_a
PR685ON5
999
_c
10211
_d
10211